| 000 | 00000cas 2200000zi 4500 |
| 001 | 9.907769 |
| 003 | CaOODSP |
| 005 | 20251218101837 |
| 006 | m o d f |
| 007 | cr cn||||||||| |
| 008 | 220207c20109999oncar p o f0###a0eng|d |
| 040 | |aCaOODSP|beng|erda|cCaOODSP |
| 043 | |an-cn--- |
| 086 | 1 |aCR1-16/1E-PDF |
| 110 | 2 |aSocial Sciences and Humanities Research Council of Canada.|eauthor, |eissuing body. |
| 245 | 10|aAnnex to the statement of management responsibility including internal control over financial reporting of Social Sciences and Humanities Research Council of Canada for the fiscal year ... (unaudited). |
| 264 | 1|a[Ottawa] : |bSocial Sciences and Humanities Research Council of Canada, |c[2011]- |
| 310 | |aAnnual |
| 336 | |atext|2rdacontent |
| 337 | |acomputer|2rdamedia |
| 338 | |aonline resource|2rdacarrier |
| 362 | 1 |aBegan with 2010/2011? |
| 500 | |aIssued also in French under title: Annexe à la Déclaration de responsabilité de la direction englobant le contrôle interne en matière de rapports financiers pour le Conseil de recherches en sciences humanines du Canada pour l'exercice ... (non audité). |
| 588 | |aDescription based on: 2010/2011. |
| 588 | |aLatest issue consulted: 2020/2021. |
| 610 | 20|aSocial Sciences and Humanities Research Council of Canada |xAppropriations and expenditures |vPeriodicals. |
| 650 | 0|aExpenditures, Public|vPeriodicals. |
| 655 | 7|aPeriodicals|2lcgft |
| 775 | 08|tAnnexe à la Déclaration de responsabilité de la direction englobant le contrôle interne en matière de rapports financiers pour le Conseil de rechreches en sciences humaines du Canada pour l'exercice ... (non audité).|w(CaOODSP)9.907768 |